000 00444nam a22001217a 4500
999 _c9823
_d9823
003 OSt
008 201203b ||||| |||| 00| 0 eng d
245 _aThe ICFAI Journal of Systems Management
250 _a2009(Feb Vol.7 No.1, Nov Vol.7 No.4) 2010(Feb Vol.8 No.1, May Vol.8 No.2, Aug Vol.8 No.3) 2011(Feb Vol.9 No.1) 2012(Feb Vol.10 No.1)
260 _bICFAI University Press
_aHyderabad, Andhra Pradesh
650 _aManagement
942 _2ddc
_cBV